000 01033nam a22002897a 4500
003 OSt
005 20260530113911.0
008 260504b1979 nyua|||| |||| 00| 0 eng d
040 _aICI
_bspa
_cICI
_erda
041 _aeng
050 _aNK1390
_bI53 1979
245 _aDesign review :
_bIndustrial design 25th annual /
_ccompilación de Edward K. Carpenter
264 _aNew York :
_bWatson-Guptill Publications,
_c1979
300 _a190 páginas
_bilustraciones
336 _2rdacontent
_atexto
337 _2rdamedia
_asin medio
338 _2rdacarrier
_avolumen
500 _aPublicación anual que presenta lo mejor del diseño industrial del año.
650 _aDiseño industrial
_vAnuarios
_933435
650 _aDiseño industrial
_xPremios
_933436
650 _aDiseño de productos
_xEvaluación
_933437
650 _aInnovación tecnológica
_xDiseño
_933438
650 _aEstética industrial
_933439
655 _2local
_aAnuarios.
_933440
700 _aCarpenter, Edward K.,
_ecompilador
_933441
942 _2lcc
_n1
_cBK
999 _c12139
_d12139